Main Characters in MCU Infinity Saga Movies - Statistics

General Stats
  • This quiz has been taken 15 times
    14 since last reset
  • The average score is 127 of 161
Answer Stats
Movie Actor Character % Correct
The Incredible Hulk Edward Norton Bruce Banner / Hulk
100%
The Avengers Mark Ruffalo Bruce Banner / Hulk
100%
Avengers: Age of Ultron Mark Ruffalo Bruce Banner / Hulk
100%
Thor: Ragnarok Mark Ruffalo Bruce Banner / Hulk
100%
Avengers: Infinity War Mark Ruffalo Bruce Banner / Hulk
100%
Avengers: Endgame Mark Ruffalo Bruce Banner / Hulk
100%
The Avengers Jeremy Renner Clint Barton / Hawkeye
100%
Avengers: Age of Ultron Jeremy Renner Clint Barton / Hawkeye
100%
Captain America: Civil War Jeremy Renner Clint Barton / Hawkeye
100%
Avengers: Endgame Jeremy Renner Clint Barton / Hawkeye
100%
Ant-Man Michael Douglas Hank Pym
100%
Ant-Man and the Wasp Michael Douglas Hank Pym
100%
Thor Tom Hiddleston Loki
100%
The Avengers Tom Hiddleston Loki
100%
Thor: The Dark World Tom Hiddleston Loki
100%
Thor: Ragnarok Tom Hiddleston Loki
100%
Iron Man 2 Scarlett Johansson Natasha Romanoff / Black Widow
100%
The Avengers Scarlett Johansson Natasha Romanoff / Black Widow
100%
Captain America: The Winter Soldier Scarlett Johansson Natasha Romanoff / Black Widow
100%
Avengers: Age of Ultron Scarlett Johansson Natasha Romanoff / Black Widow
100%
Captain America: Civil War Scarlett Johansson Natasha Romanoff / Black Widow
100%
Avengers: Infinity War Scarlett Johansson Natasha Romanoff / Black Widow
100%
Avengers: Endgame Scarlett Johansson Natasha Romanoff / Black Widow
100%
Ant-Man Paul Rudd Scott Lang / Ant-Man
100%
Captain America: Civil War Paul Rudd Scott Lang / Ant-Man
100%
Ant-Man and the Wasp Paul Rudd Scott Lang / Ant-Man
100%
Avengers: Endgame Paul Rudd Scott Lang / Ant-Man
100%
Doctor Strange Benedict Cumberbatch Stephen Strange / Doctor Strange
100%
Avengers: Infinity War Benedict Cumberbatch Stephen Strange / Doctor Strange
100%
Captain America: The First Avenger Chris Evans Steve Rogers / Captain America
100%
The Avengers Chris Evans Steve Rogers / Captain America
100%
Captain America: The Winter Soldier Chris Evans Steve Rogers / Captain America
100%
Avengers: Age of Ultron Chris Evans Steve Rogers / Captain America
100%
Captain America: Civil War Chris Evans Steve Rogers / Captain America
100%
Avengers: Infinity War Chris Evans Steve Rogers / Captain America
100%
Avengers: Endgame Chris Evans Steve Rogers / Captain America
100%
Thor Chris Hemsworth Thor
100%
The Avengers Chris Hemsworth Thor
100%
Thor: The Dark World Chris Hemsworth Thor
100%
Avengers: Age of Ultron Chris Hemsworth Thor
100%
Thor: Ragnarok Chris Hemsworth Thor
100%
Avengers: Infinity War Chris Hemsworth Thor
100%
Avengers: Endgame Chris Hemsworth Thor
100%
Iron Man Robert Downey Jr. Tony Stark / Iron Man
100%
Iron Man 2 Robert Downey Jr. Tony Stark / Iron Man
100%
The Avengers Robert Downey Jr. Tony Stark / Iron Man
100%
Iron Man 3 Robert Downey Jr. Tony Stark / Iron Man
100%
Avengers: Age of Ultron Robert Downey Jr. Tony Stark / Iron Man
100%
Captain America: Civil War Robert Downey Jr. Tony Stark / Iron Man
100%
Spider-Man: Homecoming Robert Downey Jr. Tony Stark / Iron Man
100%
Avengers: Infinity War Robert Downey Jr. Tony Stark / Iron Man
100%
Avengers: Endgame Robert Downey Jr. Tony Stark / Iron Man
100%
Captain America: The Winter Soldier Sebastian Stan Bucky Barnes / Winter Soldier
92%
Captain America: Civil War Sebastian Stan Bucky Barnes / Winter Soldier
92%
Avengers: Infinity War Sebastian Stan Bucky Barnes / Winter Soldier
92%
Iron Man Gwyneth Paltrow Pepper Potts
92%
Iron Man 2 Gwyneth Paltrow Pepper Potts
92%
Iron Man 3 Gwyneth Paltrow Pepper Potts
92%
Captain America: Civil War Tom Holland Peter Parker / Spider-Man
92%
Spider-Man: Homecoming Tom Holland Peter Parker / Spider-Man
92%
Avengers: Infinity War Tom Holland Peter Parker / Spider-Man
92%
Spider-Man: Far From Home Tom Holland Peter Parker / Spider-Man
92%
Guardians of the Galaxy Bradley Cooper / Sean Gunn Rocket Raccoon
92%
Guardians of the Galaxy Vol. 2 Bradley Cooper / Sean Gunn Rocket Raccoon
92%
Avengers: Infinity War Bradley Cooper / Sean Gunn Rocket Raccoon
92%
Avengers: Endgame Bradley Cooper / Sean Gunn Rocket Raccoon
92%
Captain America: Civil War Chadwick Boseman T'Challa / Black Panther
92%
Black Panther Chadwick Boseman T'Challa / Black Panther
92%
Avengers: Infinity War Chadwick Boseman T'Challa / Black Panther
92%
Captain Marvel Brie Larson Carol Danvers / Captain Marvel
83%
Iron Man 2 Samuel L. Jackson Nick Fury
83%
The Avengers Samuel L. Jackson Nick Fury
83%
Captain America: The Winter Soldier Samuel L. Jackson Nick Fury
83%
Captain Marvel Samuel L. Jackson Nick Fury
83%
Spider-Man: Far From Home Samuel L. Jackson Nick Fury
83%
Avengers: Infinity War Josh Brolin Thanos
83%
Avengers: Endgame Josh Brolin Thanos
83%
Avengers: Age of Ultron Elizabeth Olsen Wanda Maximoff / Scarlet Witch
83%
Captain America: Civil War Elizabeth Olsen Wanda Maximoff / Scarlet Witch
83%
Avengers: Infinity War Elizabeth Olsen Wanda Maximoff / Scarlet Witch
83%
Guardians of the Galaxy Dave Bautista Drax
75%
Guardians of the Galaxy Vol. 2 Dave Bautista Drax
75%
Avengers: Infinity War Dave Bautista Drax
75%
Black Panther Michael B. Jordan Erik Stevens / Killmonger
75%
Guardians of the Galaxy Zoe Saldana Gamora
75%
Guardians of the Galaxy Vol. 2 Zoe Saldana Gamora
75%
Avengers: Infinity War Zoe Saldana Gamora
75%
Guardians of the Galaxy Vin Diesel Groot
75%
Guardians of the Galaxy Vol. 2 Vin Diesel Groot
75%
Avengers: Infinity War Vin Diesel Groot
75%
Ant-Man and the Wasp Evangeline Lilly Hope van Dyne / The Wasp
75%
Iron Man 2 Mickey Rourke Ivan Vanko / Whiplash
75%
Iron Man 2 Don Cheadle James Rhodes / War Machine
75%
Captain America: Civil War Don Cheadle James Rhodes / War Machine
75%
Avengers: Infinity War Don Cheadle James Rhodes / War Machine
75%
Avengers: Endgame Don Cheadle James Rhodes / War Machine
75%
Thor Natalie Portman Jane Foster
75%
Thor: The Dark World Natalie Portman Jane Foster
75%
Ant-Man and the Wasp Michelle Pfeiffer Janet van Dyne / The Wasp
75%
Avengers: Age of Ultron Paul Bettany J.A.R.V.I.S. / Vision
75%
Guardians of the Galaxy Vol. 2 Pom Klementieff Mantis
75%
Avengers: Infinity War Pom Klementieff Mantis
75%
Guardians of the Galaxy Vol. 2 Karen Gillan Nebula
75%
Avengers: Infinity War Karen Gillan Nebula
75%
Avengers: Endgame Karen Gillan Nebula
75%
Guardians of the Galaxy Chris Pratt Peter Quill / Star-Lord
75%
Guardians of the Galaxy Vol. 2 Chris Pratt Peter Quill / Star-Lord
75%
Avengers: Infinity War Chris Pratt Peter Quill / Star-Lord
75%
Avengers: Age of Ultron Aaron Taylor-Johnson Pietro Maximoff / Quicksilver
75%
Captain America: The Winter Soldier Anthony Mackie Sam Wilson / Falcon
75%
Captain America: Civil War Anthony Mackie Sam Wilson / Falcon
75%
Avengers: Infinity War Anthony Mackie Sam Wilson / Falcon
75%
Black Panther Letitia Wright Shuri
75%
Avengers: Age of Ultron James Spader Ultron
75%
Thor: Ragnarok Tessa Thompson Valkyrie
75%
Captain America: Civil War Paul Bettany Vision
75%
Avengers: Infinity War Paul Bettany Vision
75%
Spider-Man: Homecoming Michael Keaton Adrian Toomes / Vulture
67%
Guardians of the Galaxy Vol. 2 Kurt Russell Ego
67%
The Incredible Hulk Tim Roth Emil Blonsky / Abomination
67%
Spider-Man: Far From Home Jon Favreau Happy Hogan
67%
Thor: Ragnarok Cate Blanchett Hela
67%
Captain America: The First Avenger Hugo Weaving Johann Schmidt / Red Skull
67%
Spider-Man: Homecoming Jacob Batalon Ned Leeds
67%
Spider-Man: Far From Home Jacob Batalon Ned Leeds
67%
Captain America: The First Avenger Hayley Atwell Peggy Carter
67%
Spider-Man: Far From Home Jake Gyllenhaal Quentin Beck / Mysterio
67%
Iron Man 3 Ben Kingsley Trevor Slattery / The Mandarin
67%
Iron Man 3 Guy Pearce Aldrich Killian
58%
Doctor Strange Tilda Swinton Ancient One
58%
The Incredible Hulk Liv Tyler Betty Ross
58%
Ant-Man Corey Stoll Darren Cross / Yellowjacket
58%
Thor Stellan Skarsgard Erik Selvig
58%
Thor: The Dark World Stellan Skarsgard Erik Selvig
58%
Thor: Ragnarok Jeff Goldblum Grandmaster
58%
Doctor Strange Mads Mikkelsen Kaecilius
58%
Spider-Man: Homecoming Marisa Tomei May Parker
58%
Black Panther Lupita Nyong'o Nakia
58%
Iron Man Jeff Bridges Obadiah Stane / Iron Monger
58%
Thor: Ragnarok Idris Elba Heimdall
50%
Iron Man Terrence Howard James Rhodes
50%
Iron Man 3 Don Cheadle James Rhodes / Iron Patriot
50%
Iron Man 2 Sam Rockwell Justin Hammer
50%
Thor: The Dark World Christopher Eccleston Malekith
50%
Guardians of the Galaxy Vol. 2 Michael Rooker Yondu
50%
Ant-Man and the Wasp Hannah John-Kamen Ava Starr / Ghost
42%
Doctor Strange Rachel McAdams Christine Palmer
42%
Thor Kat Dennings Darcy Lewis
42%
The Incredible Hulk William Hurt General Thaddeus Ross
42%
Captain America: Civil War Daniel Bruhl Helmut Zemo
42%
Doctor Strange Chiwetel Ejiofor Karl Mordo
42%
Thor: Ragnarok Taika Waititi Korg
42%
Spider-Man: Far From Home Zendaya Michelle Jones-Watson
42%
Guardians of the Galaxy Lee Pace Ronan the Accuser
42%
Captain Marvel Jude Law Yon-Rogg
42%
Captain America: The Winter Soldier Robert Redford Alexander Pierce
33%
Ant-Man Evangeline Lilly Hope van Dyne
33%
Captain Marvel Lashana Lynch Maria Rambeau
33%
Captain America: The First Avenger Tommy Lee Jones Colonel Chester Phillips
25%
Captain America: The First Avenger Dominic Cooper Howard Stark
25%
Captain Marvel Ben Mendelsohn Talos / Keller
25%
No matching quizzes found
Score Distribution
Percent of People with Each Score
Percentile by Number Answered
Your Score History
You have not taken this quiz since the last reset